| 000 | 00749cab a2200241 4500 | ||
|---|---|---|---|
| 001 | X3716 | ||
| 008 | 090401t1996 xxu||||| |||| 00| 0 eng d | ||
| 035 | _a(Sirsi) u32324 | ||
| 041 | _aeng | ||
| 100 | _aRezgui, Y. | ||
| 245 | _aInformation futures (part 2) | ||
| 260 | _c1996 | ||
| 350 | _a0 | ||
| 490 |
_aCSM (Chartered Surveyor Monthly) _v5(10) July/August 1996, 46(1) |
||
| 520 | _aIntegrated information technology systems. Describes the COMMIT project. | ||
| 650 | _aCOMMIT | ||
| 650 | _aCONSTRUCTION MODELLING METHODOLOGIES FOR INTELLIGENT INFORMATION | ||
| 650 | _aINTEGRATED INFORMATION SYSTEMS | ||
| 690 | _aMANAGEMENT-BUSINESS MANAGEMENT-INFORMATION MANAGEMENT | ||
| 700 | _aKelly, G. | ||
| 942 | _n0 | ||
| 948 | _c04/03/1997 | ||
| 999 |
_c21684 _d21684 |
||